000 00371nam a22001457a 4500
005 20251007121111.0
008 250929b |||||||| |||| 00| 0 eng d
020 _a978-93-48189-68-4
041 _aeng
100 _aCHATURVEDI, HARIHAR PRASAD
_98702
245 _aBHARAT KE NIRNAYAK YUDDHA
260 _aUTTAR PRADESH
_bAKSHAR PLANT
_c2024
300 _a96;P
942 _cBK
999 _c8843
_d8841